[Event "Sofia MGU op 181st"]
[White "Kostov, Nikolai"]
[Black "Taushanov, Stojan"]
[Site "Sofia"]
[Round "4"]
[Result "1/2-1/2"]
[Date "2017.02.12"]
[WhiteElo "1694"]
[BlackElo "1774"]
[PlyCount "58"]
[EventDate "2017.02.11"]
[EventType "swiss"]
[EventRounds "6"]
[EventCountry "BUL"]
[SourceTitle "CBM 176 Extra"]
[Source "ChessBase"]
[SourceDate "2017.03.02"]
[SourceVersion "1"]
[SourceVersionDate "2017.03.02"]
[SourceQuality "1"]

1. d4 d5 2. e3 Bf5 3. Bd3 e6 4. f4 Nd7 5. Nf3 Ngf6 6. 0-0 Ne4 7. c4 c6 8. Nc3 Ndf6 9. Ne5 Be7 10. cxd5 Nxc3 11. bxc3 Bxd3 12. Qxd3 exd5 13. Rb1 Qc7 14. c4 0-0 15. cxd5 cxd5 16. Ba3 Bxa3 17. Qxa3 b6 18. Rfc1 Qb7 19. Rc6 h5 20. Rbc1 Rac8 21. Qb3 Qa6 22. h3 Rxc6 23. Nxc6 Re8 24. Ne5 Rc8 25. Rxc8+ Qxc8 26. Kh2 Qc4 27. Nf3 Qc8 28. Qa3 a5 29. Qe7 Qe8 1/2-1/2

[Event "Sofia MGU op 166th"]
[White "Taushanov, Stojan"]
[Black "Bozilov, Dragan"]
[Site "Sofia"]
[Round "6"]
[Result "0-1"]
[Date "2016.04.03"]
[WhiteElo "2059"]
[BlackElo "2038"]
[PlyCount "32"]
[EventDate "2016.04.02"]
[EventType "swiss"]
[EventRounds "6"]
[EventCountry "BUL"]
[SourceTitle "CBM 171 Extra"]
[Source "ChessBase"]
[SourceDate "2016.04.26"]
[SourceVersion "1"]
[SourceVersionDate "2016.04.26"]
[SourceQuality "1"]

1. d4 d5 2. Nf3 Nf6 3. c4 c6 4. Nc3 dxc4 5. a4 Bf5 6. Ne5 Nbd7 7. Nxc4 Nb6 8. e3 Nxc4 9. Bxc4 e6 10. 0-0 a5 11. Qe2 Bg6 12. e4 Qxd4 13. Be3 Qd8 14. Bg5 Be7 15. f4 Bh5 16. Qc2 Qd4+ 0-1